Jeux olympiques Paris 2024 - Sites - Statistiques

Statistiques générales
  • Ce quiz a été pris 103 fois
    53 depuis la dernière actualisation
  • Le résultat moyen est 32 sur 53
Statistiques - réponses
Discipline Site % Correct
Athlétisme Saint-Denis
88%
Athlétisme - Marathon et marche Paris
86%
Breakdance Paris
84%
Beach-volley Paris
81%
Boxe Paris
81%
Equitation Versailles
79%
Badminton Paris
77%
Cyclisme sur route Paris
77%
Escrime Paris
74%
Judo Paris
72%
Sports aquatiques - Nage en eau libre Paris
72%
Basket-ball Paris
70%
Gymnastique artistique Paris
70%
Gymnastique rythmique Paris
70%
Haltérophilie Paris
70%
Lutte Paris
70%
Sports aquatiques - Water-polo Paris
67%
Basket-ball Lille
67%
Sports aquatiques - Natation Paris
67%
Skateboard Paris
67%
Tennis de table Paris
67%
Triathlon Paris
67%
Football Marseille
65%
Cyclisme - BMX Paris
65%
Handball Paris
65%
Taekwondo Paris
65%
Tennis Paris
65%
Trampoline Paris
65%
Voile Marseille
63%
Volley-ball Paris
63%
Football Bordeaux
60%
Handball Lille
60%
Tir à l'arc Paris
60%
Cyclisme sur piste Saint Quentin en Yvelines
60%
Football Lyon
58%
Football Nantes
58%
Football Paris
56%
Football Nice
51%
Football Saint-Etienne
49%
Canoé-Kayak Vaires sur Marne
49%
Sports aquatiques - Plongeon Saint-Denis
47%
Sports aquatiques - Natation synchronisée Saint-Denis
47%
Rugby à 7 Saint-Denis
47%
Aviron Vaires sur Marne
47%
Pentathlon Versailles
47%
Cyclisme - VTT Elancourt
44%
Sports aquatiques - Water-polo Saint-Denis
42%
Cyclisme - BMX Saint Quentin en Yvelines
40%
Hockey-sur-gazon Colombes
35%
Escalade Le Bourget
35%
Tir Châteauroux
33%
Golf Saint Quentin en Yvelines
23%
Surf Teahupo'o
16%
Aucun quiz correspondant
Distribution des résultats
% des personnes avec chaque résultat
Percentile par nombre de réponses
Votre historique - résultats
Vous n’avez pas pris ce quiz depuis la dernière actualisation